[Event "Asia-ch Boys"]
[Site "Macau"]
[Date "1996.??.??"]
[Round "?"]
[White "Sadvakasov, Darmen"]
[Black "Kasimdzhanov, Rustam"]
[Result "1/2-1/2"]
[WhiteElo "2280"]
[BlackElo "2425"]

1.e4 e6 2.d4 d5 3.Nc3 Nf6 4.exd5 exd5 5.Nf3 Be7 6.Bd3 O-O 7.h3 Re8 8.O-O Nbd7
9.Re1 Nf8 10.Ne5 c6 11.Ne2 Bd6 12.Ng3 Ng6 13.f4 c5 14.c3 Bd7 15.Nh5 cxd4
16.cxd4 Bc6 17.Nxf6+ Qxf6 18.Qh5 Qh4 19.Qxh4 Nxh4 20.Bd2 Ng6 21.Nxc6 bxc6
22.g3 Bc7 23.Kf2 Bb6 24.Rxe8+ Rxe8 25.Be3 a5 26.Re1 Ne7 27.Kf3 Rb8 28.g4 Ba7
29.b3 g6 30.Bc2 f6 31.a3 Kf7 32.Bf2 Bb6 33.Rb1 Bc7 34.Be1 Nc8 35.Rc1 Na7
36.a4 Bb6 37.Bc3 Nc8 38.f5 Nd6 39.Re1 gxf5 40.gxf5 Re8 41.Re6 Rxe6 42.fxe6+ Kxe6
43.Bxh7 f5 44.Ke3 Ne4 45.Bg8+ Kf6 46.Be1 Kg5 47.h4+ Kg4 48.Be6 c5 49.Bxd5 cxd4+
50.Kd3 Nf6 51.Bc6 Nh5 52.Kc4 Nf4 53.Bd2 Ng6 54.Kb5 Bc7 55.h5 Kxh5 56.Bxa5 Bxa5
57.Kxa5 Ne5 58.Bb5 f4 59.Bf1 d3 60.Kb4 d2 61.Be2+ f3 62.Kc3 fxe2 63.Kxd2 Nd3
64.Kxe2 Nc1+  1/2-1/2

[Event "Wch U18"]
[Site "Menorca"]
[Date "1996.??.??"]
[Round "2"]
[White "Kasimdzhanov, Rustam"]
[Black "Baches Garcia, Guillermo"]
[Result "1-0"]
[WhiteElo "2435"]
[BlackElo "2255"]

1.Nf3 Nf6 2.b3 c5 3.Bb2 e6 4.g3 b6 5.Bg2 Bb7 6.O-O Be7 7.c4 O-O 8.e3 d5 9.Qe2 Nc6
10.d4 dxc4 11.bxc4 cxd4 12.exd4 Na5 13.Nbd2 Rc8 14.Rfc1 Ba6 15.Ne5 Nd7 16.Nef3 Nf6
17.Ne5 Nd7 18.Nef3 Bf6 19.Rc2 Rc7 20.Rac1 Qc8 21.Bf1 Rd8 22.Nb3 Nc6 23.Qe1 Ne7
24.Nfd2 Nf5 25.Ne4 Be7 26.Nbd2 Nf6 27.Nb3 Nxe4 28.Qxe4 Nd6 29.Qg4 Bf6 30.Nd2 Nf5
31.Nb3 g6 32.Bd3 Qd7 33.Bxf5 exf5 34.Qf4 Rdc8 35.Nd2 b5 36.c5 Bb7 37.f3 Qd5
38.Kf2 Rd7 39.Nb3 Re8 40.h4 Kg7 41.c6  1-0

[Event "Wch U18"]
[Site "Menorca"]
[Date "1996.??.??"]
[Round "3"]
[White "Herraiz, Herminio"]
[Black "Kasimdzhanov, Rustam"]
[Result "1/2-1/2"]
[WhiteElo "2315"]
[BlackElo "2435"]

1.d4 Nf6 2.c4 e6 3.Nc3 Bb4 4.Qc2 d5 5.cxd5 Qxd5 6.Nf3 Qf5 7.Qxf5 exf5 8.a3 Bd6
9.Nb5 Be6 10.Nxd6+ cxd6 11.Bf4 Ke7 12.e3 Nc6 13.Bd3 h6 14.h4 g6 15.Ke2 Nd5
16.Bg3 f6 17.Rhc1 g5 18.hxg5 hxg5 19.e4 fxe4 20.Bxe4 g4 21.Nh4 Nxd4+ 22.Kf1 Nb3
23.Ng6+ Kd7 24.Nxh8 Rxh8 25.Kg1  1/2-1/2

[Event "Wch U18"]
[Site "Menorca"]
[Date "1996.??.??"]
[Round "4"]
[White "Kasimdzhanov, Rustam"]
[Black "Banikas, Hristos"]
[Result "1/2-1/2"]
[WhiteElo "2435"]
[BlackElo "2445"]

1.d4 Nf6 2.c4 g6 3.Nc3 Bg7 4.g3 c6 5.Bg2 O-O 6.Nf3 d6 7.h3 Nbd7 8.e4 e5 9.Be3 exd4
10.Nxd4 Re8 11.O-O Nc5 12.Qc2 Qe7 13.Rfe1 Bd7 14.Bf4 Nh5 15.Be3 Nf6 16.f3 Nh5
17.Kh2 f5 18.exf5 Nxg3 19.Kxg3 Bxd4 20.Bxd4 Qg5+ 21.Kh2 Qf4+ 22.Kh1 Qxd4
23.fxg6 Nd3 24.gxh7+ Kh8 25.Rxe8+ Rxe8 26.Rf1 Re7 27.Ne4 Rxh7 28.Qc3 Qxc3
29.bxc3 Nf4 30.Nf6 Bxh3 31.Bxh3 Rxh3+ 32.Kg1 Rh6 33.Ng4 Re6 34.Kf2 Kg7  1/2-1/2

[Event "Wch U18"]
[Site "Menorca"]
[Date "1996.??.??"]
[Round "7"]
[White "Vescovi, Giovanni"]
[Black "Kasimdzhanov, Rustam"]
[Result "1-0"]
[WhiteElo "2490"]
[BlackElo "2435"]

1.e4 e5 2.Nf3 Nc6 3.Bb5 a6 4.Bxc6 dxc6 5.O-O Qd6 6.d4 exd4 7.Nxd4 c5 8.Ne2 Qxd1
9.Rxd1 Bd7 10.Nbc3 O-O-O 11.Be3 Re8 12.Rd2 Bc6 13.Rad1 Nf6 14.f3 Bd6 15.Bf4 Bxf4
16.Nxf4 Nd7 17.Ncd5 h5 18.h4 Ne5 19.Ne3 g6 20.Kf2 b6 21.b3 f6 22.Rh1 Rhf8
23.Rg1 Kb7 24.Nc4 Nxc4 25.bxc4 Bxe4 26.fxe4 Rxe4 27.Kf3 Rxc4 28.Nxg6 Rg8
29.Ne7 Re8 30.Nd5 Rxh4 31.Nf4 Re5 32.g3 Rg4 33.Rh1 Reg5 34.Nxh5 Ra4 35.c3 Ra3
36.Rc2 b5 37.Kf4 Rd5 38.Nxf6 Rd3 39.Ne4 b4  1-0

[Event "RUS-Cup2"]
[Site "Moscow"]
[Date "1996.??.??"]
[Round "2"]
[White "Kasimdzhanov, Rustam"]
[Black "Abramov, AP."]
[Result "1-0"]
[WhiteElo "2435"]
[BlackElo "2110"]

1.d4 Nf6 2.c4 g6 3.Nc3 d5 4.Nf3 Bg7 5.e3 O-O 6.Bd2 c5 7.dxc5 Na6 8.cxd5 Nxc5
9.Bc4 b5 10.Bxb5 Rb8 11.O-O Nxd5 12.Bc4 Nb6 13.Be2 Bf5 14.Nd4 Bd7 15.Rc1 e5
16.Nb3 Nxb3 17.axb3 Be6 18.Ne4 Qe7 19.Nc5 Rfd8 20.Qe1 Rbc8 21.b4 Bd5 22.e4 Ba8
23.Be3 Nd7 24.f3 Nb8 25.b5 Bf6 26.Rc2 Rc7 27.b4 Nd7 28.Bc4 Nb6 29.Bb3 Bb7
30.f4 Nd7 31.fxe5 Nxe5 32.Nxb7 Rxc2 33.Bxc2 Ng4 34.Nxd8 Nxe3 35.Nc6 Qe6 36.Qxe3 Kg7
37.e5 Bh4 38.Bb3  1-0

[Event "RUS-Cup2"]
[Site "Moscow"]
[Date "1996.??.??"]
[Round "3"]
[White "Vasiukov, Evgeni"]
[Black "Kasimdzhanov, Rustam"]
[Result "0-1"]
[WhiteElo "2505"]
[BlackElo "2435"]

1.e4 c5 2.Nf3 d6 3.d4 Nf6 4.Nc3 cxd4 5.Qxd4 Bd7 6.Bg5 h6 7.Bxf6 gxf6 8.Nh4 Nc6
9.Qd2 e6 10.g3 Qb6 11.O-O-O O-O-O 12.f4 Kb8 13.Be2 Be7 14.Rhf1 a6 15.Kb1 Rc8
16.Na4 Qc7 17.b3 Nb4 18.Rc1 Bxa4 19.Qxb4 Bc6 20.Qd4 d5 21.exd5 Bxd5 22.c4 Bc5
23.Qd3 Bc6 24.Bf3 Rcd8 25.Qe2 Bd7 26.Rfd1 Bc8 27.Rxd8 Rxd8 28.Rd1 Re8 29.Qd3 f5
30.Bg2 f6 31.Bf3 e5 32.Bh5 Re7 33.Qc2 Rd7 34.Ng2 Qc6 35.Rxd7 Bxd7 36.Qe2 Bd4
37.Bf3 Qc5 38.Qd2 e4 39.Be2 Bc6 40.b4 Qb6 41.Qe1 e3 42.Nh4 Be4+ 43.Kc1 Bc5
44.a3 a5 45.Bf3 axb4 46.Bxe4 bxa3 47.Qe2 fxe4 48.Ng2 Qb3  0-1

[Event "RUS-Cup2"]
[Site "Moscow"]
[Date "1996.??.??"]
[Round "5"]
[White "Aleksandrov, Aleksej"]
[Black "Kasimdzhanov, Rustam"]
[Result "1/2-1/2"]
[WhiteElo "2550"]
[BlackElo "2435"]

1.d4 Nf6 2.c4 e6 3.Nc3 Bb4 4.e3 c5 5.Bd3 Nc6 6.a3 Bxc3+ 7.bxc3 d6 8.Ne2 b6
9.e4 e5 10.O-O Nd7 11.Ng3 g6 12.Bc2 Qe7 13.Ba4 Bb7 14.f4 O-O-O 15.fxe5 dxe5
16.d5 Na5 17.Qf3 f6 18.Bxd7+ Rxd7 19.Qxf6 Qxf6 20.Rxf6 Nxc4 21.Bg5 h6 22.Bc1 Rd6
23.Rf7 Rd7 24.Rf3 Nd6 25.Rf6 g5 26.Re6 Ba6 27.Rxe5 Rf8 28.Re6 Bd3 29.Be3 Nc4
30.Nf5 Rxf5 31.exf5 Bxf5 32.Rc6+ Kb7 33.Bf2 Rxd5 34.Rxh6 Nxa3 35.Rxa3 Rd1+
36.Be1 Rxe1+ 37.Kf2 Rc1 38.g4 Bxg4 39.Rh7+ Kc6 40.Rg7 Bh3 41.Rxg5 Rc2+ 42.Kg3 Rg2+
43.Kf4 Rf2+ 44.Ke3 Rxh2 45.Rxa7 Bf1 46.Rg6+ Kb5 47.Rb7 Re2+ 48.Kf3 Rc2  1/2-1/2

[Event "RUS-Cup2"]
[Site "Moscow"]
[Date "1996.??.??"]
[Round "8"]
[White "Fedorov, Alexei"]
[Black "Kasimdzhanov, Rustam"]
[Result "1-0"]
[WhiteElo "2555"]
[BlackElo "2435"]

1.e4 c5 2.Nf3 d6 3.d4 cxd4 4.Nxd4 Nf6 5.Nc3 Nc6 6.Bc4 e6 7.Be3 a6 8.Qe2 Qc7
9.O-O-O Na5 10.Bd3 b5 11.a3 Bb7 12.g4 Rc8 13.g5 Nd7 14.Rhe1 Be7 15.Qh5 g6
16.Qh6 Ne5 17.Qg7 Rf8 18.f4 Nec4 19.Bxc4 Nxc4 20.Rd3 e5 21.Nf3 f5 22.Qxh7 fxe4
23.Qxg6+ Kd8 24.Nxe4 Nxb2 25.Rxd6+ Bxd6 26.Nxd6 Bxf3 27.Nxc8 Kxc8 28.Kxb2 exf4
29.Bb6 Qd7 30.Bc5 Rf7 31.Qg8+ Kb7 32.Re8 Rg7 33.Qf8 Rf7 34.Qh8 Rg7 35.g6 Bg4
36.Rb8+ Kc6 37.Qf8  1-0

[Event "RUS-Cup2"]
[Site "Moscow"]
[Date "1996.??.??"]
[Round "9"]
[White "Kasimdzhanov, Rustam"]
[Black "Nikolenko, Oleg"]
[Result "1/2-1/2"]
[WhiteElo "2435"]
[BlackElo "2480"]

1.e4 e6 2.d4 d5 3.Nc3 Be7 4.Nf3 Nf6 5.exd5 exd5 6.Bd3 O-O 7.h3 c5 8.dxc5 Bxc5
9.O-O h6 10.Ne2 Nc6 11.c3 Re8 12.Bf4 Ne4 13.b4 Bb6 14.Qc2 Qf6  1/2-1/2

[Event "Vlissingen op"]
[Site "Vlissingen"]
[Date "1996.??.??"]
[Round "3"]
[White "Kasimdzhanov, Rustam"]
[Black "Nieuwelink, Kees"]
[Result "1-0"]
[WhiteElo "2435"]
[BlackElo "2225"]

1.e4 e5 2.Nf3 Nc6 3.Bb5 f5 4.Nc3 Nf6 5.Qe2 Nd4 6.Nxd4 exd4 7.e5 Ng4 8.h3 Nh6
9.Nb1 Qg5 10.O-O f4 11.d3 c6 12.Bc4 d5 13.exd6+ Kd8 14.Qf3 Bxd6 15.Nd2 Qe5
16.Ne4 Bc7 17.Bd2 Nf5 18.Ng5 Rf8 19.Rfe1 Qd6 20.Nxh7 Re8 21.Rxe8+ Kxe8 22.Re1+ Ne3
23.fxe3  1-0

[Event "Vlissingen op"]
[Site "Vlissingen"]
[Date "1996.??.??"]
[Round "6"]
[White "Collas, Didier"]
[Black "Kasimdzhanov, Rustam"]
[Result "1/2-1/2"]
[WhiteElo "2360"]
[BlackElo "2435"]

1.c4 e6 2.g3 d5 3.Bg2 Nf6 4.Nf3 Be7 5.O-O O-O 6.b3 c5 7.e3 d4 8.exd4 cxd4
9.d3 Nc6 10.Na3 Nd7 11.Nc2 e5 12.Re1 a5 13.Rb1 Qc7 14.Nfxd4 exd4 15.Bxc6 bxc6
16.Rxe7 c5 17.Ne1 Bb7 18.Rb2 Qc6 19.f3 Rfe8 20.Rbe2 Rxe7 21.Rxe7 Kf8 22.Re2 f6
23.Qd2 g5 24.Ba3 h6 25.h4 Kf7 26.hxg5 hxg5 27.Rh2 Re8 28.g4 Qd6 29.Kf1 Kg6
30.Rh3 Qe5 31.Bc1 Nf8 32.Qf2 Ne6 33.Qh2 Qxh2 34.Rxh2 Bc6 35.Re2 Kf7 36.Kf2 Rh8
37.Kg2 Rb8 38.Kg3 Rh8 39.Rh2 Re8 40.Bd2 Ra8 41.Rh7+ Ng7 42.f4 Kg6 43.Rh2 gxf4+
44.Bxf4 a4 45.bxa4 Rxa4 46.Rb2 Ra6 47.Nc2 Ne6 48.Bc1 Nf8 49.Na1 Nd7 50.Nb3 Ba4
51.Bf4 Rb6 52.Kf3 Bc6+ 53.Kf2 Ba4 54.Kg3 Rb7 55.Re2 Rb6 56.Re7 Bxb3 57.axb3 Nf8
58.Re8 Ne6 59.Rb8 Ra6 60.Rb5 Ra1 61.Bd6 Rd1 62.Bxc5 Rxd3+ 63.Kf2 Rd2+ 64.Ke1 Rg2
65.Ba7 Rxg4 66.Rd5 Rg1+  1/2-1/2

[Event "Yerevan ol (Men)"]
[Site "Yerevan"]
[Date "1996.??.??"]
[Round "7"]
[White "Urban, Klaudiusz"]
[Black "Kasimdzhanov, Rustam"]
[Result "1-0"]
[WhiteElo "2470"]
[BlackElo "2435"]

1.c4 e6 2.g3 d5 3.Bg2 Nf6 4.Nf3 Be7 5.O-O O-O 6.d4 b6 7.cxd5 exd5 8.Nc3 Bb7
9.Ne5 h6 10.Bf4 c6 11.Qa4 Nfd7 12.Nd3 Nf6 13.Rfd1 Nbd7 14.Rac1 Re8 15.a3 Bf8
16.b4 a5 17.Qb3 axb4 18.axb4 b5 19.Nc5 Nxc5 20.dxc5 Qc8 21.Qc2 Qe6 22.Be3 Ra3
23.Ra1 Rxa1 24.Rxa1 Qg4 25.Bf4 g5 26.h3 Qc8 27.Be3  1-0

[Event "Yerevan ol (Men)"]
[Site "Yerevan"]
[Date "1996.??.??"]
[Round "14"]
[White "Roca, Petronio"]
[Black "Kasimdzhanov, Rustam"]
[Result "1/2-1/2"]
[WhiteElo "2350"]
[BlackElo "2435"]

1.e4 e6 2.d4 d5 3.e5 c5 4.c3 Nc6 5.Nf3 Bd7 6.dxc5 Bxc5 7.Bd3 f6 8.b4 Be7
9.b5 Nxe5 10.Nxe5 fxe5 11.Qh5+ Kf8 12.Qxe5 Nf6 13.O-O Qb8 14.f4 Kf7 15.Be3 Bd6
16.Qg5 Rc8 17.Bd4 Bc5 18.Nd2 Bxd4+ 19.cxd4 Rc3 20.Rf3 Qf8 21.Bg6+ hxg6 22.Rxc3 Qb4
23.Rd3 Bxb5 24.Rb1 Qxb1+ 25.Nxb1 Bxd3 26.Qg3 Rc8 27.Qxd3 Rc1+ 28.Kf2 Ne4+
29.Kf3 Rxb1 30.Qa3 Rf1+ 31.Ke3 Re1+ 32.Kf3 Rf1+ 33.Ke3 Re1+ 34.Kd3 Rd1+ 35.Ke3 Re1+
36.Kf3 Rf1+ 37.Ke3 Re1+ 38.Kd3 Rd1+ 39.Ke3 Re1+  1/2-1/2

[Event "Bayern-chI Bank Hofmann"]
[Site "Bad Wiessee"]
[Date "1997.11.17"]
[Round "3"]
[White "Naiditsch, Arkadij"]
[Black "Kasimdzhanov, Rustam"]
[Result "0-1"]
[WhiteElo "2175"]
[BlackElo "2545"]

1.e4 c5 2.Nf3 e6 3.d3 Nc6 4.g3 g6 5.Bg5 Qc7 6.Bg2 Bg7 7.c3 Nge7 8.O-O h6
9.Be3 b6 10.Na3 Ba6 11.Re1 O-O 12.d4 d5 13.Bf4 Qc8 14.exd5 Nxd5 15.Ne5 Nce7
16.Bd2 Rb8 17.c4 Nb4 18.Qa4 Bb7 19.Bxb7 Qxb7 20.Bxb4 cxb4 21.Qxb4 Rfd8 22.Rad1 Rbc8
23.Qc3 Nf5 24.Nc2 Qc7 25.b3 Kh7 26.f4 Kg8 27.a4 a6 28.Ne3 Ne7 29.Qb2 g5 30.Qf2 f6
31.Nd3 f5 32.Ne5 Rd6 33.Rd2 Rf8 34.h4 gxh4 35.gxh4 Kh7 36.Kh2 Qd8 37.Red1 Qe8
38.Qf3 Bf6 39.h5 Rg8 40.Rg2 Rxg2+ 41.Nxg2 b5 42.c5 Rd8 43.axb5 Qxb5 44.Rd3 a5
45.Qd1 Nd5 46.Nf7 Rg8 47.Qe2 Bxd4 48.Nxh6 Rxg2+ 49.Qxg2 Nxf4 50.Qg3 Qxd3
51.Qxf4 Qe2+ 52.Kh1 Be5  0-1

[Event "Bayern-chI Bank Hofmann"]
[Site "Bad Wiessee"]
[Date "1997.11.19"]
[Round "5"]
[White "Kasimdzhanov, Rustam"]
[Black "Alterman, Boris"]
[Result "1/2-1/2"]
[WhiteElo "2545"]
[BlackElo "2615"]

1.e4 c5 2.Nf3 d6 3.d4 cxd4 4.Nxd4 Nf6 5.Nc3 g6 6.Be3 Bg7 7.f3 Nc6 8.Qd2 O-O
9.O-O-O d5 10.exd5 Nxd5 11.Nxc6 bxc6 12.Bd4 Nxc3 13.Qxc3 Bh6+ 14.Be3 Bxe3+
15.Qxe3 Qb6 16.Qxe7 Be6 17.Qa3 Rad8 18.Bd3 Rd5 19.Rhe1 Ra5 20.Qc3 Rxa2 21.b3 Qa5
22.Qxa5 Rxa5 23.Kb2 Rh5 24.h3 a5 25.Re4 Rd8 26.Ra4 Rhd5 27.g4 Kg7 28.Rc1 Rb8
29.Be4 Rd2 30.Kc3 Rh2 31.Rxa5 Rxh3 32.Kd4 Bd5 33.Bxd5 cxd5 34.Rf1 h5 35.gxh5 Rh2
36.hxg6 Rxc2 37.gxf7 Rb4+ 38.Ke5 Re2+ 39.Kxd5 Rxb3 40.Ra7 Rd3+ 41.Kc4 Rdd2
42.Rg1+ Rg2 43.Rh1 Rh2 44.Rha1 Rc2+ 45.Kd3 Rhd2+ 46.Ke3 Re2+ 47.Kf4 Rc4+
48.Kg3 Rc6 49.f4 Rce6 50.R1a5 Re7 51.Kg4 Kxf7 52.Kf5 Re6 53.Ra8 Rf6+ 54.Kg4 Rg6+
55.Kf3 Rb7  1/2-1/2

[Event "Cappelle op"]
[Site "Cappelle la Grande"]
[Date "1997.??.??"]
[Round "1"]
[White "Ac, Michal"]
[Black "Kasimdzhanov, Rustam"]
[Result "0-1"]
[WhiteElo "2275"]
[BlackElo "2465"]

1.Nf3 Nf6 2.g3 b6 3.Bg2 Bb7 4.O-O e6 5.b3 Be7 6.Bb2 O-O 7.c4 c5 8.Nc3 d6
9.d4 cxd4 10.Nxd4 Bxg2 11.Kxg2 Qc7 12.e4 Qb7 13.Qe2 Nbd7 14.Rad1 a6 15.Kg1 Rac8
16.f4 Nc5 17.Rfe1 g6 18.Nf3 Rfd8 19.h3 b5 20.b4 Ncd7 21.cxb5 axb5 22.Kh2 Rc4
23.Rd4 Rdc8 24.Rxc4 Rxc4 25.a3 Qc6 26.Qe3 d5 27.Nd4 Qb6 28.Ndxb5 d4  0-1

[Event "Cappelle op"]
[Site "Cappelle la Grande"]
[Date "1997.??.??"]
[Round "5"]
[White "Pushkov, Nikolai"]
[Black "Kasimdzhanov, Rustam"]
[Result "0-1"]
[WhiteElo "2525"]
[BlackElo "2465"]

1.Nf3 Nf6 2.c4 e6 3.Nc3 d5 4.d4 Nbd7 5.Bg5 c6 6.e3 Qa5 7.Bxf6 Nxf6 8.Nd2 Be7
9.Bd3 O-O 10.O-O Qd8 11.Qe2 b6 12.Rfd1 Bb7 13.cxd5 cxd5 14.Rac1 a6 15.Na4 Bd6
16.Rc2 Nd7 17.Nf3 f5 18.Rdc1 g5 19.g3 Kh8 20.h4 gxh4 21.Nxh4 Rg8 22.Qh5 b5
23.Nc5 Bxc5 24.dxc5 Bc6 25.Qh6 Ne5 26.Be2 Qe7 27.Qf4 Qf6 28.Qd4 Raf8 29.Ng2 Nd7
30.Qxf6+ Rxf6 31.b4 d4 32.exd4 f4 33.Bd3 fxg3 34.f4 Bxg2 35.Kxg2 Rxf4 36.c6 Nf6
37.Re1 Rxd4 38.Bf1 Nd5 39.c7 Rc8 40.Kxg3 Rxc7 41.Rxc7 Nxc7 42.a3 Kg7 43.Rc1 Rd7
44.Rc6 Kf6 45.Kf4 Ke7 46.Ke4 Kd8 47.a4 Rd2 48.axb5 axb5 49.Rc5 Rd5 50.Rc1 Kd7
51.Bd3 Rh5 52.Kd4 Kd6 53.Ra1 Rh4+ 54.Be4 h5 55.Ra5 Rg4 56.Ke3 h4 57.Ra1 Nd5+
58.Bxd5 exd5 59.Rb1 Ke5 60.Kf3 Rf4+ 61.Kg2 d4  0-1

[Event "Cappelle op"]
[Site "Cappelle la Grande"]
[Date "1997.??.??"]
[Round "6"]
[White "Baklan, Vladimir"]
[Black "Kasimdzhanov, Rustam"]
[Result "1/2-1/2"]
[WhiteElo "2530"]
[BlackElo "2465"]

1.e4 c5 2.Nf3 d6 3.c3 Nf6 4.Bc4 Nc6 5.Qe2 Bg4 6.h3 Bh5 7.d3 e6 8.g4 Bg6 9.Bf4 d5
10.Bb5 a6 11.Bxc6+ bxc6 12.Ne5 c4 13.dxc4 Bxe4 14.f3 Bxb1 15.Rxb1 Qb6 16.b4 Be7
17.Kf1 O-O 18.Kg2 c5 19.Rhd1 cxb4 20.cxb4 dxc4 21.Nxc4 Qb5 22.a4 Nd5 23.Rxd5 Qxd5
24.Nb6 Qd4 25.Be3 Qe5 26.Nd7 Qc3 27.Nxf8 Bxf8 28.b5 axb5 29.axb5 Qe5 30.Rb2 Bd6
31.f4 Qe4+ 32.Qf3 Qxf3+ 33.Kxf3 Kf8 34.b6 Ke7 35.b7 Re8 36.Bc5 Bxc5 37.b8=Q Rxb8
38.Rxb8 Kf6 39.h4 g6 40.Rh8 h6 41.Rc8 Bd4 42.Rc7  1/2-1/2

[Event "Corsica rap op"]
[Site "Corsica"]
[Date "1997.??.??"]
[Round "7"]
[White "Kasimdzhanov, Rustam"]
[Black "Verdier, Patrice"]
[Result "1-0"]
[WhiteElo "2545"]
[BlackElo "2325"]

1.d4 Nf6 2.Nf3 c5 3.d5 b5 4.Bg5 Qb6 5.Bxf6 exf6 6.e3 g6 7.Nc3 b4 8.Ne4 f5
9.Ned2 d6 10.a4 Bg7 11.Bb5+ Nd7 12.O-O O-O 13.Nc4 Qc7 14.Bxd7 Qxd7 15.Nfd2 Ba6
16.Qf3 Rfe8 17.Rfd1 Rad8 18.Ra2 Qc7 19.Rc1 h6 20.c3 bxc3 21.bxc3 Rb8 22.h3 Bxc4
23.Nxc4 Rb3 24.Qf4 Rd8 25.Ra3 Rb7 26.g4 fxg4 27.hxg4 Qb8 28.Kg2 Re7 29.Na5 Qb2
30.Nc6 Qxa3 31.Nxe7+ Kh7 32.Rb1 Qxc3 33.Rb7 Rf8 34.Nxg6 Qd3 35.Nxf8+  1-0

[Event "Corsica rap op"]
[Site "Corsica"]
[Date "1997.??.??"]
[Round "8"]
[White "De la Riva Aguado, Oscar"]
[Black "Kasimdzhanov, Rustam"]
[Result "1/2-1/2"]
[WhiteElo "2460"]
[BlackElo "2545"]

1.e4 e6 2.d4 d5 3.Nc3 Nf6 4.Bg5 Be7 5.e5 Nfd7 6.Bxe7 Qxe7 7.f4 a6 8.Qd2 c5
9.Nf3 Nc6 10.dxc5 O-O 11.Bd3 f6 12.exf6 Qxf6 13.O-O Nxc5 14.g3 Bd7 15.Rae1 Rae8
16.a3 h6 17.b4 Nxd3 18.cxd3 Rc8 19.Ne5 Be8 20.d4 Ne7 21.Ng4 Qg6 22.Ne5 Qf6
23.Ng4 Qg6 24.Ne5 Qf6  1/2-1/2

[Event "Groningen op"]
[Site "Groningen"]
[Date "1997.??.??"]
[Round "8"]
[White "Kasimdzhanov, Rustam"]
[Black "Wohl, Aleksandar H"]
[Result "1-0"]
[WhiteElo "2545"]
[BlackElo "2435"]

1.e4 c5 2.Nf3 Qa5 3.Be2 Nc6 4.O-O Nf6 5.Nc3 e6 6.d4 cxd4 7.Nxd4 Bb4 8.Ndb5 O-O
9.Bf4 a6 10.Bc7 b6 11.a3 axb5 12.axb4 Qxa1 13.Qxa1 Rxa1 14.Rxa1 Bb7 15.Bxb6 d6
16.Nxb5 Nxb4 17.Ra4 Nxc2 18.Nxd6 Ra8 19.Bb5  1-0

[Event "Metz op"]
[Site "Metz"]
[Date "1997.??.??"]
[Round "1"]
[White "Fiorenza, Hubert"]
[Black "Kasimdzhanov, Rustam"]
[Result "0-1"]
[WhiteElo "1760"]
[BlackElo "2465"]

1.d4 Nf6 2.Nf3 e6 3.e3 c5 4.Bd3 b6 5.Nbd2 cxd4 6.exd4 Bb7 7.O-O Be7 8.Qe2 O-O
9.c3 d6 10.Re1 Nbd7 11.Nf1 Re8 12.h3 Bf8 13.Bf4 e5 14.dxe5 dxe5 15.Nxe5 Nxe5
16.Bxe5 Rxe5 17.Bxh7+ Nxh7 18.Qxe5 Qd7 19.Rad1 Qc6 20.Qg3 Nf6 21.Ne3 Qb5
22.Qc7 Be4 23.Rd2 Qg5 24.Qg3 Qxg3 25.fxg3 Bg6 26.Kh2 Re8 27.Nc2 Ne4 28.Rd7 Bd6
29.Rxe4 Bxe4 30.Rxd6 Bxc2 31.Rd7 Re2 32.Rxa7 Be4  0-1

[Event "Metz op"]
[Site "Metz"]
[Date "1997.??.??"]
[Round "2"]
[White "Kasimdzhanov, Rustam"]
[Black "Bentout, Pascal"]
[Result "1-0"]
[WhiteElo "2465"]
[BlackElo "2060"]

1.e4 c5 2.Nf3 Nc6 3.d4 cxd4 4.Nxd4 Nf6 5.Nc3 e5 6.Ndb5 d6 7.Bg5 a6 8.Na3 Be6
9.Nc4 Rc8 10.Bxf6 gxf6 11.Ne3 Nd4 12.Bd3 Bg7 13.O-O O-O 14.Ncd5 f5 15.exf5 Bxd5
16.Nxd5 Rc5 17.Be4 Qh4 18.Re1 Rfc8 19.c3 Nb5 20.g3 Qd8 21.f6 Bxf6 22.a4 Na7
23.Qh5 Bg7 24.Qxh7+ Kf8 25.Rad1 b5 26.a5 Rc4 27.Nb6  1-0

[Event "Metz op"]
[Site "Metz"]
[Date "1997.??.??"]
[Round "5"]
[White "Kasimdzhanov, Rustam"]
[Black "Buckley, Graeme"]
[Result "0-1"]
[WhiteElo "2465"]
[BlackElo "2320"]

1.e4 c5 2.Nf3 d6 3.d4 cxd4 4.Nxd4 Nf6 5.Nc3 e6 6.g4 a6 7.Bg2 Be7 8.Be3 O-O
9.g5 Nfd7 10.h4 Nc6 11.Qe2 Qc7 12.O-O-O b5 13.Nf5 exf5 14.exf5 Re8 15.Nd5 Qa5
16.Nxe7+ Nxe7 17.Bxa8 Qxa2 18.Bd4 Ne5 19.Bxe5 Nxf5 20.Qd3 dxe5 21.Qa3 Qc4
22.Bd5 Qf4+ 23.Kb1 Nxh4 24.Qd6 Ng6 25.Qc7 Rf8 26.Bb3 e4 27.Qxf4 Nxf4 28.Rh4 Nh3
29.g6 hxg6 30.Rh1 Rd8 31.R1xh3 Bxh3 32.Rxh3 Rd1+ 33.Ka2 Rd2 34.Rh4 Rxf2 35.Rxe4 g5
36.c3 Kh7 37.Bd5 Kg6 38.Bb7 Rf6 39.b4 Kh5 40.Bc8 Rc6 41.Bg4+ Kg6 42.Kb3 f5
43.Bf3 Rf6 44.Re1 g4 45.Bb7 Kg5 46.Kc2 Rb6 47.Ba8 f4 48.Rg1 Kf5 49.Kd3 f3
50.Kd4 Kf4  0-1

[Event "Metz op"]
[Site "Metz"]
[Date "1997.??.??"]
[Round "6"]
[White "Girard, Jean Pierre"]
[Black "Kasimdzhanov, Rustam"]
[Result "0-1"]
[WhiteElo "2060"]
[BlackElo "2465"]

1.e4 Nf6 2.e5 Nd5 3.d4 d6 4.Nf3 Bg4 5.Be2 e6 6.c4 Nb6 7.exd6 cxd6 8.h3 Bh5
9.Nc3 Be7 10.O-O O-O 11.b3 Nc6 12.Bb2 d5 13.cxd5 Nxd5 14.Nxd5 Qxd5 15.g4 Bg6
16.Ne5 Rad8 17.Nxc6 Qxc6 18.Rc1 Qb6 19.Bf3 Rd7 20.Rc4 Rfd8 21.Qe2 Bf6 22.Rfc1 h6
23.Rc5 Bxd4 24.Bxd4 Rxd4 25.Rb5 Bd3  0-1

[Event "Metz op"]
[Site "Metz"]
[Date "1997.??.??"]
[Round "7"]
[White "Kasimdzhanov, Rustam"]
[Black "Seret, Jean Luc"]
[Result "1/2-1/2"]
[WhiteElo "2465"]
[BlackElo "2375"]

1.e4 g6 2.d4 d6 3.Nf3 Bg7 4.c3 c6 5.Bd3 Nd7 6.O-O Qc7 7.Nbd2 Nh6 8.a4 O-O
9.Nc4 f6 10.b3 Kh8 11.Ba3 Nf7 12.Re1 Re8 13.Ne3 Nf8 14.d5 Bd7 15.c4 c5 16.Bb2 e5
17.dxe6 Nxe6 18.Nd5 Qd8 19.Nd2 Bc6 20.Nf1 Bxd5 21.cxd5 Nd4 22.Bxd4 cxd4 23.f4 Re7
24.Ng3 a6 25.Kh1 Qb6 26.a5 Qa7 27.Rc1 Rae8 28.Rf1 Nh6 29.h3 Qb8 30.f5 Qd8
31.fxg6 hxg6 32.Ne2 f5 33.exf5 Rxe2 34.f6 R2e3 35.fxg7+ Kxg7 36.Bb1 Qh4 37.Rc7+ R8e7
38.Rxe7+ Rxe7 39.Qd2 Re3 40.Qb4 Rxh3+ 41.gxh3  1/2-1/2

[Event "Metz op"]
[Site "Metz"]
[Date "1997.??.??"]
[Round "8"]
[White "Pimenta, Antonio"]
[Black "Kasimdzhanov, Rustam"]
[Result "0-1"]
[WhiteElo "2155"]
[BlackElo "2465"]

1.e4 c5 2.Nf3 d6 3.d4 Nf6 4.dxc5 Qa5+ 5.Nc3 Nxe4 6.cxd6 Nxc3 7.bxc3 exd6
8.Qe2+ Be7 9.Qb5+ Qxb5 10.Bxb5+ Bd7 11.Bxd7+ Kxd7 12.Be3 Nc6 13.O-O-O Rhd8
14.Rhe1 Kc7 15.Nd4 Nxd4 16.Bxd4 Bf8 17.Re2 Rac8 18.Rde1 b6 19.Kb2 d5 20.Kb3 Kb7
21.g3 a5 22.a4 Kc6 23.f4 b5 24.Be5 bxa4+ 25.Kxa4 Kb6 26.Bd4+ Ka6 27.Kb3 a4+
28.Ka2 Rb8 29.Rb1 Rxb1 30.Kxb1 Kb5 31.Ka2 Kc4 32.Re1 Rb8 33.Be5 Re8 34.Rb1 Bc5
35.Rb7 f6 36.Bd4 Re7 37.Rxe7 Bxe7 38.h3 Bd6 39.h4 h5 40.Kb2 Bf8 41.Ka2 f5
42.Kb2 g6 43.Ka2 Bc5 44.Bxc5 Kxc5 45.Ka3 Kc4 46.Kxa4 Kxc3 47.Kb5 Kxc2 48.Kc5 Kd3
49.Kxd5 Ke3 50.Ke5 Kf3 51.Kf6 Kxg3 52.Kg5 Kf3 53.Kxg6 Kg4  0-1

[Event "Metz op"]
[Site "Metz"]
[Date "1997.??.??"]
[Round "9"]
[White "Donchev, Dimitar I"]
[Black "Kasimdzhanov, Rustam"]
[Result "0-1"]
[WhiteElo "2475"]
[BlackElo "2465"]

1.Nf3 Nf6 2.d4 e6 3.Bg5 d5 4.e3 c5 5.c3 Nbd7 6.Nbd2 Be7 7.Bd3 b6 8.O-O Bb7
9.Ne5 Nxe5 10.dxe5 Nd7 11.Bxe7 Qxe7 12.f4 O-O-O 13.Qe2 f6 14.exf6 gxf6 15.e4 d4
16.a4 Nb8 17.Nc4 Rhg8 18.Rf2 Nc6 19.e5 Kb8 20.Be4 f5 21.Bf3 Ba6 22.b4 dxc3
23.Bxc6 Rd2 24.Qxd2 cxd2 25.b5 Rd8 26.Nd6 Rxd6 27.exd6 Qxd6 28.Rd1 Bc8 29.Rdxd2 Qe7
30.Rfe2 c4 31.g3 Qb4 32.Ra2 c3 33.Kg2 Qc4 34.Rac2 Qd3 35.Kf2 Qd4+ 36.Re3 e5
37.Rxc3 exf4 38.gxf4 Qxf4+ 39.Kg2 Qg4+ 40.Kf2 Qxa4 41.Rcd3 f4 42.Re2 a6 43.Bd7 Qc4
44.Red2 axb5 45.Bxc8 Kxc8 46.Rd4 Qc5 47.Kf3 b4 48.Kxf4 b3 49.Ke4 Qe7+ 50.Kd5 Qa3
51.Rc4+ Kb7  0-1

[Event "Anibal op 5th"]
[Site "Linares"]
[Date "1998.01.21"]
[Round "2"]
[White "Yagupov, Igor"]
[Black "Kasimdzhanov, Rustam"]
[Result "0-1"]
[WhiteElo "2450"]
[BlackElo "2565"]

1.e4 g6 2.d4 Bg7 3.c4 Nc6 4.Be3 e5 5.d5 Nd4 6.Ne2 c5 7.dxc6 dxc6 8.Nbc3 Be6
9.Nc1 Nf6 10.f3 Nh5 11.Nb3 Qh4+ 12.Bf2 Qe7 13.Bd3 Nf4 14.g3 Nxd3+ 15.Qxd3 Qb4
16.Nd2 Qxb2 17.Rb1 Qa3 18.Bxd4 O-O-O 19.Nb3 Rxd4 20.Nxd4 exd4 21.Rb3 Qa5  0-1

[Event "Anibal op 5th"]
[Site "Linares"]
[Date "1998.01.25"]
[Round "6"]
[White "Gonzalez Garcia, Jose"]
[Black "Kasimdzhanov, Rustam"]
[Result "0-1"]
[WhiteElo "2435"]
[BlackElo "2565"]

1.d4 g6 2.Nf3 Bg7 3.c4 d6 4.Nc3 Bg4 5.e3 Nf6 6.Be2 O-O 7.O-O c6 8.e4 Na6
9.Be3 Nc7 10.Rc1 Bd7 11.Nd2 e5 12.d5 c5 13.Rb1 Nfe8 14.b4 cxb4 15.Rxb4 b6
16.a4 f5 17.f3 Nf6 18.a5 Na6 19.Rb1 Nc5 20.axb6 axb6 21.Ra1 Rxa1 22.Qxa1 Nh5
23.Rb1 Nf4 24.Bf1 Bh6 25.Kh1 Bg5 26.Nd1 fxe4 27.Bxc5 bxc5 28.Nxe4 Bf5 29.Ndc3 Nh5
30.Bd3 Bf4 31.g4 Bxh2 32.Kxh2 Bxg4 33.fxg4 Qh4+ 34.Kg1 Qxg4+ 35.Kh2 Qf4+
36.Kh1 Qf3+ 37.Kg1 Qe3+ 38.Kh1 Rf4 39.Qa8+ Kg7 40.Rb7+ Kh6 41.Rxh7+ Kxh7
42.Nxc5 Kh6 43.Qh8+ Kg5 44.N5e4+ Rxe4  0-1